University Home | Library Home | Institutional Repository

Peregrine falcon populations; (Record no. 136404)

MARC details
000 -LEADER
fixed length control field 01057cam1a220025300 4500
001 - CONTROL NUMBER
control field lce00633823
008 - FIXED-LENGTH DATA ELEMENTS--GENERAL INFORMATION
fixed length control field 690424s1969 wiuab b 101 0 eng
010 ## - LIBRARY OF CONGRESS CONTROL NUMBER
LC control number 68009018 //r862
020 ## - INTERNATIONAL STANDARD BOOK NUMBER
International Standard Book Number 0299050505
035 ## - SYSTEM CONTROL NUMBER
System control number (Sirsi) r52627
035 ## - SYSTEM CONTROL NUMBER
System control number (DLC) 68009018 //r862
035 ## - SYSTEM CONTROL NUMBER
System control number (UPRA)lce00633823
050 0# - LIBRARY OF CONGRESS CALL NUMBER
Classification number QL696.A2
Item number P44
082 ## - DEWEY DECIMAL CLASSIFICATION NUMBER
Classification number 598.9
245 00 - TITLE STATEMENT
Title Peregrine falcon populations;
Remainder of title their biology and decline.
Statement of responsibility, etc. Edited by Joseph J. Hickey.
260 ## - PUBLICATION, DISTRIBUTION, ETC.
Place of publication, distribution, etc. Madison,
Name of publisher, distributor, etc. University of Wisconsin Press,
Date of publication, distribution, etc. 1969.
500 ## - GENERAL NOTE
General note "Papers and discussions of a conference held by the University of Wisconsin from 29 August to 1 September 1965."
504 ## - BIBLIOGRAPHY, ETC. NOTE
Bibliography, etc. note Includes bibliographies.
650 #0 - SUBJECT ADDED ENTRY--TOPICAL TERM
Topical term or geographic name entry element Peregrine falcon -- Congresses.
General subdivision Peregrine falcon -- Congresses.
Linkage S7590.1
700 1# - ADDED ENTRY--PERSONAL NAME
Personal name Hickey, Joseph J. (Joseph James), 1907-
Fuller form of name Hickey, Joseph J. (Joseph James), 1907-
Dates associated with a name Hickey, Joseph J. (Joseph James), 1907-
Linkage A11200.1
710 2# - ADDED ENTRY--CORPORATE NAME
Corporate name or jurisdiction name as entry element University of Wisconsin.
Linkage A11201.1
949 ## - LOCAL PROCESSING INFORMATION (OCLC)
a QL696.A2
w lcc
i -67015
m MAIN
t BOOK
l ON-SHELF

No items available.

© 2026 - The University of Zambia Library - Koha v25.11